Score 0/25 Timer 06:00
8 Plays Today
% Correct
feces
84%
smell
80.8%
stealing
78.1%
electric devices
76.2%
exploding
69.6%
starquakes
68.3%
medical glue
66.8%
smoking cannabis
60.9%
self
60%
scratching
57.8%
breast milk
56.5%
counting
54.1%
breathing in
52.7%
% Correct
blood
48.3%
dying
46.4%
alcohol
35.2%
underwater
31.4%
company
31.3%
vertebrates
30.2%
arsenic
28.5%
ideas
24.5%
asbestos
16.2%
urine
15.5%
semen
15%
hip hop
11%

You're not logged in!

Compare scores with friends on all Sporcle quizzes.
OR
Log In

Sporcle TV

Today on Sporcle TV


Watch our educational content, quiz creation guides, and fun videos on Sporcle TV.

Show Comments

Extras

Top Quizzes Today


Score Distribution

Paid Content

Your Account Isn't Verified!

In order to create a playlist on Sporcle, you need to verify the email address you used during registration. Go to your Sporcle Settings to finish the process.

Report this User

Report this user for behavior that violates our Community Guidelines.

Details: